000
00280nam a2200121 a 4500
008
100921s1966|||| d
245
1
0
_a
Láska Jeanny Neyovej
100
1
_a
Erenburg, Iľja
260
_b
Smena
_a
Bratislava
_c
1966
044
_a
xo
_c
SK
041
_a
slo
020
_c
20
999
_c
10549
_d
10549